00336 2200145 4500245004800000250001100048100002400059650001600083650001700099005001900116260001800135041001400153084001400167336000900181 aLangkah TerakhircAkhtar Saqieb AhmadhText aCet. 1 aAkhtar Saqieb Ahmad aKarya Siswa aAutobiografi a20250520142655 aJakartac2025 aIndonesia a081 AKH l atext